Statystyki dla Transfery Brighton w letnim okienku transferowym 2021/22.

Kliknij tutaj aby rozwiązać quiz!

Ogólne statystyki

  • Ten quiz został rozwiązany 10 razy
  • Średni wynik to 2 z 5

Statystyki odpowiedzi

CenaPozycjaNarodowośćPoprzedni KlubPiłkarz% Poprawnych
18,00 mlnLewy pomocnikHiszpaniaGetafeCucurella
89%
23,00 mlnŚrodkowy pomocnikZambiaRB SalzburgMwepu
56%
5,00 mlnBramkarzHolandiaAjaxScherpen
22%
?Lewy napastnikJaponiaKawasaki FrontaleMitoma
11%
8,00 mlnPrawy napastnikSenegalSlavia PragaSima
11%

Rozkład punktacji

Percentyl według liczby udzielonych odpowiedzi

Procent ludzi z każdym wynikiem

Twoja historia wyników

Nie rozwiązałeś tego quizu